Taylor Swift - Chansons par emoji 4 - Statistiques

Statistiques générales
  • Ce quiz a été pris 832 fois
  • Le résultat moyen est 6 sur 20
Statistiques - réponses
Hint Réponse % Correct
🔜🫵🏨➕ Soon You’ll Get Better
64%
⏳♾️ Timeless
56%
🙋‍♀️👁️🫵 I Can See You
47%
💎💍 Bejeweled
36%
⚡️🫳 Electric Touch
36%
🍷💋👔 Maroon
34%
🎆🪽 Sparks Fly
32%
😍👻 Beautiful Ghost
28%
🌄☀️🔦 Daylight
28%
🗓️🥂☀️ New Years Day
27%
👁️🔓 Eyes Open
26%
👉🩷 This Love
25%
☀️🌴🍦🏝️8️⃣ August
23%
🫥 Invisible
23%
❌😱 Fearless
22%
👋👱🏼 Hey Stephen
22%
👱🏻‍♀️🤞🫵💭👱🏻‍♀️ I Bet You Think About Me
21%
💬❌🚶‍♀️ Say Don't Go
10%
🌲🌊🌳 the lakes
6%
👫🔙😄 We Were Happy
5%
Aucun quiz correspondant
Distribution des résultats
% des personnes avec chaque résultat
Percentile par nombre de réponses
Votre historique - résultats
Vous n’avez pas pris ce quiz